Asphalt pavement maintenance
में बचाया:
| निगमित लेखक: | |
|---|---|
| स्वरूप: | पुस्तक |
| भाषा: | अंग्रेज़ी |
| प्रकाशित: |
Lexington
Asphalt Institute
1990
|
| संस्करण: | 3a. ed |
| श्रृंखला: | manual Series, 16
|
| विषय: | |
| टैग: |
टैग जोड़ें
कोई टैग नहीं, इस रिकॉर्ड को टैग करने वाले पहले व्यक्ति बनें!
|
MARC
| LEADER | 00000nam a2200000 a 4500 | ||
|---|---|---|---|
| 001 | UCP1473 | ||
| 003 | CL-VaPUC | ||
| 008 | 990416e19900000US |||||||||||||||||eng|d | ||
| 082 | 0 | 4 | |a 625.85 |b ASP |2 21 |
| 110 | 2 | |a Asphalt Institute |e author |9 427530 | |
| 245 | 1 | 0 | |a Asphalt pavement maintenance |
| 250 | |a 3a. ed | ||
| 300 | |a 80 p | ||
| 942 | |c BK | ||
| 945 | |d 19990416 00:00:00 |a rbrito | ||
| 260 | |a Lexington |b Asphalt Institute |c 1990 | ||
| 650 | 0 | |a Asfalto |9 262568 | |
| 650 | 0 | |a Construcción de carreteras |9 260999 | |
| 650 | 0 | |a Carreteras |9 260132 | |
| 650 | 0 | |a Mantenimiento |9 271710 | |
| 583 | |a last modification |c 19990416 00:00:00 |k Rodrigo Vera | ||
| 490 | 0 | |a manual Series, 16 | |
| 999 | |c 280148 |d 280146 | ||
| 952 | |0 0 |1 0 |4 0 |6 625_850000000000000_ASP_1990 |7 0 |8 A |9 320180 |a BIBING |b BIBING |d 2019-11-20 |i 3511561 |o 625.85 ASP 1990 |p 3511561 |r 2025-01-20 |w 2019-11-20 |y BK |k CCL | ||